Computer organization, Design, and Architecture / (Record no. 14064)
[ view plain ]
| 000 -LEADER | |
|---|---|
| fixed length control field | 00790nam a2200241Ia 4500 |
| 008 - FIXED-LENGTH DATA ELEMENTS--GENERAL INFORMATION | |
| fixed length control field | 210303s9999 xx 000 0 und d |
| 016 ## - NATIONAL BIBLIOGRAPHIC AGENCY CONTROL NUMBER | |
| Source | retro2021 |
| 020 ## - INTERNATIONAL STANDARD BOOK NUMBER | |
| ISBN | 9780849304163 |
| 040 ## - CATALOGING SOURCE | |
| Original cataloging agency | NLN |
| Language of cataloging | English |
| Description conventions | AACR2 |
| 100 ## - MAIN ENTRY--AUTHOR | |
| Author | SHIVA, Sajjan G. |
| Relator term | aut |
| 245 #0 - TITLE STATEMENT | |
| Title | Computer organization, Design, and Architecture / |
| Statement of responsibility, etc | Sajjan G. Shiva |
| 250 ## - EDITION STATEMENT | |
| Edition statement | 4th ed. |
| 260 ## - PUBLICATION, DISTRIBUTION, ETC. (IMPRINT) | |
| Place of publication | Boka Raton (6000 Broken Sound Parkway NW, Suite 300 ) : |
| Name of publisher | CRC Press / Taylor & Francis Group, |
| Date of publication | 2008 |
| 300 ## - COLLATION | |
| Pagination | xx, 763p. : |
| Other physical details | ill. ; 24cm. |
| 500 ## - GENERAL NOTE | |
| General note | Includes bibliographical references |
| 563 ## - BINDING INFORMATION | |
| Binding note | (cased) |
| 650 ## - TRACINGS | |
| Main Subject | Computer Engineering |
| 650 ## - TRACINGS | |
| Main Subject | Computer Architecture |
| 650 ## - TRACINGS | |
| Main Subject | Computer orgnization |
| 942 ## - ADDED ENTRY ELEMENTS (KOHA) | |
| Suppress in OPAC | No |
| Item type | Books |
| 050 ## - LIBRARY OF CONGRESS CALL NUMBER | |
| Classification number | TK7885 |
| Item number | .S555 |
| 082 ## - DEWEY DECIMAL CLASSIFICATION NUMBER | |
| Classification number | 004 |
| Source of classification or shelving scheme | Not for loan | Home library | Current library | Date acquired | Full call number | Barcode. | Koha item type |
|---|---|---|---|---|---|---|---|
| Library of Congress Classification | IBADAN BRANCH LIBRARY | National Library of Nigeria | 04/03/2021 | TK7885 .S555 | 2023-1011425473 | Books |
